[Event "Yeovil Major op"]
[Site "Yeovil"]
[Date "2007.06.16"]
[Round "2"]
[White "Thompson, Robert"]
[Black "Allen, Leslie C"]
[Result "0-1"]
[WhiteElo "1512"]
[BlackElo "1784"]
[PlyCount "100"]
[EventDate "2007.06.15"]
[EventType "swiss"]
[EventRounds "5"]
[EventCountry "ENG"]
[SourceTitle "CBM 119 Extra"]
[Source "ChessBase"]
[SourceDate "2007.09.04"]
[SourceVersion "1"]
[SourceVersionDate "2007.09.04"]
[SourceQuality "1"]

1. d4 d6 2. e4 Nf6 3. Nc3 c6 4. Bg5 Nbd7 5. f3 h6 6. Be3 e5 7. Bc4 b5 8. Bb3 Be7 9. Nge2 b4 10. dxe5 dxe5 11. Na4 Nh5 12. 0-0 Ba6 13. Re1 Bh4 14. g3 Bg5 15. Bf2 Qe7 16. Nc1 Bxc1 17. Rxc1 0-0 18. c3 Rfd8 19. cxb4 Qf6 20. Qc2 Rac8 21. Kg2 Qg6 22. Bc4 Bxc4 23. Qxc4 Nf4+ 24. Kh1 Nh3 25. Qf1 Nxf2+ 26. Qxf2 Nb6 27. Nxb6 axb6 28. Red1 Qg5 29. Qxb6 Rd4 30. Qc5 Qe3 31. Qc3 Qf2 32. Rxd4 exd4 33. Qb3 Rd8 34. Rd1 Qe2 35. Qd3 Qxb2 36. a3 Qf2 37. Rd2 Qe1+ 38. Kg2 Kh8 39. Rc2 Qa1 40. Rxc6 Ra8 41. Rc4 Rxa3 42. Qxd4 Ra2+ 43. Kh3 Qf1+ 44. Kg4 h5+ 45. Kf4 Ra6 46. e5 Ra3 47. Rc8+ Kh7 48. Qe4+ g6 49. Rc7 Kh6 50. h4 Qb5 0-1

[Event "Hampshire op"]
[Site "Eastleigh"]
[Date "2005.11.12"]
[Round "3"]
[White "Roberson, Peter T"]
[Black "Allen, Leslie C"]
[Result "1-0"]
[WhiteElo "2096"]
[BlackElo "1760"]
[PlyCount "53"]
[EventDate "2005.11.11"]
[EventType "swiss"]
[EventRounds "6"]
[EventCountry "ENG"]
[SourceTitle "EXT 2007"]
[Source "ChessBase"]
[SourceDate "2006.11.23"]
[SourceVersion "1"]
[SourceVersionDate "2006.11.23"]
[SourceQuality "1"]

1. e4 d5 2. exd5 Qxd5 3. Nf3 Nf6 4. d4 c6 5. c4 Qd8 6. Nc3 Bg4 7. Be2 e6 8. 0-0 Be7 9. Be3 0-0 10. h3 Bh5 11. Ne5 Bxe2 12. Qxe2 Nbd7 13. f4 Qc7 14. Kh1 Rad8 15. Rad1 a6 16. Bg1 Rfe8 17. g4 g6 18. Bh2 Qa5 19. Qf3 Rf8 20. f5 exf5 21. gxf5 Nxe5 22. Bxe5 Nd7 23. f6 Bb4 24. Qf4 Rfe8 25. c5 Rxe5 26. dxe5 Bxc5 27. e6 1-0